000 00440nam a2200157Ia 4500
003 GCL
008 140319s9999 xx 000 0 eng d
040 _aGCL /
_cGCL
082 0 4 _a720'68'8
_bS V
100 1 _aSTASIOWSKI. FRANK
245 1 0 _aValue Pricing for the Design Firm /
_cSTASIOWSKI. FRANK
260 _a[S.N] :
_bJOHN WILEY AND SONS. INC ،
_c1992
300 _a218
650 0 4 _aENGINEERING SERVICES MARKETING
942 _2ddc
_cBK
999 _c11471
_d11471